000 00787nam a2200181Ia 4500
008 151202s9999||||xx |||||||||||||| ||und||
082 _bPNVM-40824
100 _aमांडरे सूर्यकांत.
245 _aविश्वकर्मा: बाबुराव पेंटर चरित्र.
260 _b"पुरंदरे प्रकाशन,पुणे."
260 _c1995
300 _a199
600 _aमांडरे सूर्यकांत.
630 _aविश्वकर्मा: बाबुराव पेंटर चरित्र.
700 _aमांडरे सूर्यकांत.
730 _aविश्वकर्मा: बाबुराव पेंटर चरित्र.
942 _cBOOK
999 _c1306776
_d1306773